|
|
|
|
| LEADER |
01056nam a2200253 4500 |
| 001 |
c000350938 |
| 003 |
CARM |
| 005 |
00000000000000.0 |
| 008 |
690711r1969 njua b 00110 eng |
| 019 |
1 |
|
|a 33915
|z 22005691
|5 LACONCORD2021
|
| 020 |
|
|
|a 875850545
|
| 035 |
|
|
|a (OCoLC)12265
|5 LACONCORD2021
|
| 050 |
0 |
0 |
|a HV7921
|b .F7 1969
|
| 100 |
1 |
|
|a Fosdick, Raymond B.
|q (Raymond Blaine),
|d 1883-
|
| 245 |
1 |
|
|a European police systems,
|c by Raymond B. Fosdick. With a new introd. by Donal E. J. MacNamara.
|
| 260 |
|
|
|a Montclair, N.J.,
|b Patterson Smith,
|c 1969 [c1915]
|
| 300 |
|
|
|a xii, 442 p.
|b illus.
|c 22 cm.
|
| 490 |
0 |
|
|a Patterson Smith reprint series in criminology, law enforcement, and social problems. Publication no. 54
|
| 504 |
|
|
|a Bibliography: p. 407-420.
|
| 650 |
|
0 |
|a Police
|z Europe.
|
| 852 |
8 |
|
|b CARM
|h A1:AM30F0
|i B09712
|p 0439517
|f BK
|
| 082 |
0 |
4 |
|a 363.2/094
|
| 999 |
f |
f |
|i 8480dad9-d65c-5623-ab14-d60ffad0b3a3
|s c41dcc05-bcf4-54f6-9636-96eca63771c2
|
| 952 |
f |
f |
|p Can circulate
|a CAVAL
|b CAVAL
|c CAVAL
|d CARM 1 Store
|e B09712
|f A1:AM30F0
|h Other scheme
|i book
|m 0439517
|